Bemerkungen über die eigenthümliche Erscheinung, dass an den meisten Flüssen Russlands das rechte Ufer gewoehnlich hoch, das linke aber flach gefunden wird und die Unmöglichkeit, das Causal-Verhaeltniss dieses Phaenomens aus der Grossen nordischen Diluvial-Fluth herzuleiten (Запись № 9708421)

Подробности
000 -МАРКЕР
контрольное поле 00898nam0a22002531 4500
001 - ИДЕНТИФИКАТОР ЗАПИСИ
контрольное поле RU\NLR\INFOCOMM5\ROSSICA\1000308535
005 - ИДЕНТИФИКАТОР ВЕРСИИ
контрольное поле 20250613194006.0
035 ## - ДРУГИЕ СИСТЕМНЫЕ НОМЕРА
Идентификатор записи (NLR Aleph) 009983969
100 ## - ДАННЫЕ ОБЩЕЙ ОБРАБОТКИ
Данные общей обработки 20031008d1847 |||y0rusy50 ca
101 0# - ЯЗЫК РЕСУРСА
Язык текста, звукозаписи и т.д. немецкий
102 ## - СТРАНА ПУБЛИКАЦИИ ИЛИ ПРОИЗВОДСТВА
Страна публикации российская федерация
105 ## - ПОЛЕ КОДИРОВАННЫХ ДАННЫХ: ТЕКСТОВЫЕ МАТЕРИАЛЫ, МОНОГРАФИЧЕСКИЕ
Кодированные данные о монографическом текстовом документе y ||||000ay
200 1# - ЗАГЛАВИЕ И СВЕДЕНИЯ ОБ ОТВЕТСТВЕННОСТИ
Основное заглавие Bemerkungen über die eigenthümliche Erscheinung, dass an den meisten Flüssen Russlands das rechte Ufer gewoehnlich hoch, das linke aber flach gefunden wird und die Unmöglichkeit, das Causal-Verhaeltniss dieses Phaenomens aus der Grossen nordischen Diluvial-Fluth herzuleiten
Первые сведения об ответственности Wangenheim von Qualen
210 ## - ПУБЛИКАЦИЯ, РАСПРОСТРАНЕНИЕ И ДР.
Место издания, распространения и т.д. Moskau
Дата издания, распространения и т.д. 1847
215 ## - ФИЗИЧЕСКАЯ ХАРАКТЕРИСТИКА
Размеры
700 #1 - ИМЯ ЛИЦА - ПЕРВИЧНАЯ ОТВЕТСТВЕННОСТЬ
Начальный элемент ввода Wangenheim von Qualen
Код отношения Автор
801 #1 - ИСТОЧНИК ЗАПИСИ
Страна российская федерация
Организация InfoComm
Дата составления 20031008
801 #0 - ИСТОЧНИК ЗАПИСИ
Страна российская федерация
Организация NLR
Правила каталогизации PSBO
852 ## - МЕСТОНАХОЖДЕНИЕ И ШИФР ХРАНЕНИЯ
Идентификатор организации NLR
Шифр хранения (Call Number) 13.14.3.93
942 ## - ДОПОЛНИТЕЛЬНЫЕ ЭЛЕМЕНТЫ ЗАПИСИ (АБИС)
Тип экземпляра АБИС Книга
980 ## - КОЛЛЕКЦИЯ
Название коллекции Национальная библиография
980 ## - КОЛЛЕКЦИЯ
Название коллекции Россика
Экземпляры
Тип экземпляра Дата поступления Библиотека постоянного хранения Библиотека текущего хранения Место хранения Шифр хранения Штрих-код Статус не для выдачи
Книга 26.10.2013 РНБ (Садовая) РНБ (Садовая) Иностранный книжный фонд, главное здание (Садовая) 13.14.3.93 9983969-10